000 00953nam a2200253 a 4500
003 CBULib
005 20240808100615.0
008 120416s2010 ||||||||||||||||| || u
020 _a9789211128079
040 _aCBULib
_bEnglish
_cCBULib
_erda
041 _aeng
050 _aUNCTAD(058)TDR/2010
110 _aUnited Nations Conference on Trade and Development (UNCTAD)
245 1 0 _aTrade and development report, 2010: employment, globalization and development
_c/ by United Nations Conference on Trade and Development (UNCTAD)
260 _aNew York :
_bUnited Nations,
_c2010.
300 _avarious pages, 171 pages : illustrations
336 _2rdacontent
_aText |
_btxt
337 _2rdamedia
_aUnmediated |
_bn
338 _2rdacarrier
_aVolume
_bnc
650 0 _aGLOBALIZATION
650 0 _aINTERNATIONAL ECONOMIC RELATIONS--HANDBOOKS, MANUALS, E.T.C
942 _2mc
_c029
999 _c60114
_d60114